000 00781nam a2200241 a 4500
001 70135
003 BD-RjUL
005 20211209081952.0
008 170416r19491942nyuabf b 001 0 eng
035 _a(BD-RjUL)70347
040 _aDLC
_cOKentU
_dOCoLC
_dDLC
_dBD-RjUL
_beng
041 _aeng
082 _223
_a551.4
_bENG 1949
100 1 _aEngeln, O. D. von
_q(Oscar Diedrich),
_d1880-1965.
_9207715
245 1 0 _aGeomorphology :
_bsystematic and regional /
_cby O. D. von Engeln.
260 _aNew York :
_bMacmillan ,
_cc1942 [reprinted 1949, Printing 1960].
300 _axxii, 655 p. :
_bill. ;
_c24 cm.
500 _aIncludes index.
650 0 _aGeology, Structural.
_9207716
650 0 _aPhysical geography.
_9207717
650 0 _aGeomorphology.
_9233841
942 _2ddc
_cBK
999 _c70135
_d70135